|
|
|
|
| LEADER |
00000ny a22000003n 4500 |
| 005 |
20110617144019.0 |
| 008 |
010704s2002 pe b 000 0 spa |
| 020 |
|
|
|a 9789972733383
|
| 035 |
|
|
|a 4624
|
| 040 |
|
|
|a BUS
|d vLex
|
| 090 |
|
|
|c 840
|d 840
|
| 100 |
1 |
|
|a Quispe Farfǹ, Fany Soledad
|
| 245 |
1 |
3 |
|a La libertad de declarar y el derecho a la no incriminacin̤
|h [Recurso electrn̤ico]
|c Fany Soledad Quispe Farfǹ
|
| 256 |
|
|
|a Servicio en ln̕ea
|
| 260 |
|
|
|a Lima :
|b Palestra Editores,
|c 2002
|
| 300 |
|
|
|a p. ;
|c cm
|
| 506 |
1 |
|
|a Contenido solo disponible en los productos indicados
|d vLex Global
|d vLex Global (Academic Edition, excluding Law Schools)
|d vLex Global (U.S. Academic Edition, Law Schools)
|d vLex Global (U.S. Academic Edition, excluding Law Schools)
|d vLex Global (Academic Edition, Law Schools)
|
| 650 |
0 |
4 |
|a Igualdad ante la ley
|z Per︢
|
| 650 |
0 |
4 |
|a Proceso justo
|z Per︢
|
| 740 |
0 |
|
|a vLex Libros (Servicios en ln̕ea)
|
| 856 |
4 |
0 |
|u http://vlex.com/source/4624
|z Acceso restringido
|
| 942 |
|
|
|c BOOK
|
| 999 |
0 |
|
|a Law
|b Peru
|